000
00195 a2200097 4500
001
19273
100
_a
Faires, V M
245
_a
Mechanisni
260
_a
_b
Mc Graw Hill
_c
090
_c
14159
_d
14159
942
_a
NUST-CAE
_c
M
_c
4624
999
_c
254346
_d
254346